Post WW2 US Presidents - Statistics

General Stats
  • This quiz has been taken 140 times
  • The average score is 13 of 14
Answer Stats
Term Party President % Correct
2009-2017 Democratic Barack Obama
99%
2017-2021 Republican Donald Trump
99%
1989-1993 Republican George H. W. Bush
99%
2001-2009 Republican George W. Bush
99%
2021-Present Democratic Joe Biden
99%
1961-1963 Democratic John F. Kennedy
98%
1993-2001 Democratic Bill Clinton
94%
1953-1961 Republican Dwight D. Eisenhower
93%
1945-1953 Democratic Harry S. Truman
92%
1981-1989 Republican Ronald Reagan
92%
1969-1974 Republican Richard Nixon
91%
1963-1969 Democratic Lyndon B. Johnson
88%
1977-1981 Democratic Jimmy Carter
83%
1974-1977 Republican Gerald Ford
81%
No matching quizzes found
Score Distribution
Percent of People with Each Score
Percentile by Number Answered
Your Score History
You have not taken this quiz